000 00558cab a2200229 4500
001 X483
008 090401t1993 xxu||||| |||| 00| 0 eng d
035 _a(Sirsi) u65905
041 _aeng
245 _aInstitution to publish guidance on mundic
260 _c1993
350 _a0
490 _aCSM (Chartered Surveyor Monthly)
_v2(6) March 1993, 9(1)
650 _aCORNWALL
650 _aDEFECTS
650 _aDEVON
650 _aMUNDIC
650 _aRICS
690 _aBUILT ENVIRONMENT-BUILDING PATHOLOGY
942 _n0
948 _c04/03/1997
999 _c41162
_d41162